Manual de lectura fácil : (Record no. 23598)
[ view plain ]
| 000 -CABECERA | |
|---|---|
| fixed length control field | 01084nam a22002777i 4500 |
| 003 - IDENTIFICADOR DEL NÚMERO DE CONTROL | |
| control field | AR-CdUCM |
| 008 - DATOS DE LONGITUD FIJA--INFORMACIÓN GENERAL | |
| fixed length control field | 260407b20222022 pe||||| |||| 00| 0 spa d |
| 020 ## - NÚMERO INTERNACIONAL ESTÁNDAR DEL LIBRO | |
| ISBN | 978-950-23-3257-4 |
| 040 ## - FUENTE DE LA CATALOGACIÓN | |
| Agencia/entidad que catalogó originalmente la obra | MUNICIPALIDAD PROVINCIAL DEL CUSCO |
| Entidad que transcribió la catalogación | BIBLIOTECA MUNICIPAL DEL CUSCO |
| 082 ## - NÚMERO DE LA CLASIFICACIÓN DECIMAL DEWEY | |
| No. de Clasificación | 372.4147 |
| Notacion interna | N55 |
| 100 ## - ENTRADA PRINCIPAL--NOMBRE DE PERSONA | |
| Nombre Personal | Nielsen, Clara |
| 245 ## - MENCIÓN DE TÍTULO | |
| Título | Manual de lectura fácil : |
| Resto del título | Cómo escribir textos accesibles para personas con dificultades lectoras / |
| 260 ## - PUBLICACIÓN, DISTRIBUCIÓN, ETC. | |
| Lugar de publicación, distribución, etc. | Buenos Aires-Argentina: |
| Nombre de la editorial, distribuidor, etc. | Editorial Universitaria de Buenos Aires |
| Fecha de publicación, distribución, etc. | 2022 |
| 300 ## - DESCRIPCIÓN FÍSICA | |
| Nº de Páginas Extensión | 363 páginas. : |
| Dimensiones | 22x17 cm. |
| 500 ## - NOTA GENERAL | |
| Bibliografía | 362-363 páginas |
| 505 ## - NOTA DE CONTENIDO CON FORMATO | |
| Nota de contenido formateada | ¿Por qué necesitamos textos fáciles de leer? -- El manual de visibiliza -- La lectura fácil -- El texto literario -- La gramática -- La ortografía -- Las oraciones |
| 650 ## - PUNTO DE ACCESO ADICIONAL DE MATERIA--TÉRMINO DE MATERIA | |
| Descriptor | Los signos |
| 9 (RLIN) | 52541 |
| 650 ## - PUNTO DE ACCESO ADICIONAL DE MATERIA--TÉRMINO DE MATERIA | |
| Descriptor | Los incisos |
| 9 (RLIN) | 52542 |
| 650 ## - PUNTO DE ACCESO ADICIONAL DE MATERIA--TÉRMINO DE MATERIA | |
| Descriptor | Las glosas |
| 9 (RLIN) | 52543 |
| 650 ## - PUNTO DE ACCESO ADICIONAL DE MATERIA--TÉRMINO DE MATERIA | |
| Descriptor | Los listados |
| 9 (RLIN) | 52544 |
| 650 ## - PUNTO DE ACCESO ADICIONAL DE MATERIA--TÉRMINO DE MATERIA | |
| Descriptor | Las figuras retoricas |
| 9 (RLIN) | 52545 |
| 856 ## - LOCALIZACIÓN Y ACCESO ELECTRÓNICOS | |
| Dirección electrónica | www.eudeba.com.ar |
| 942 ## - ELEMENTOS DE PUNTO DE ACCESO ADICIONAL (KOHA) | |
| Fuente de clasificación | |
| Tipo de item | Libros-BMC |
| 945 ## - PROCESAMIENTO DE INFORMACIÓN LOCAL (OCLC) | |
| Catalogador | pbjr |
| AAAA-MM-DD - Fecha de ingreso o modificacion | 07-04-2026 |
No items available.